00753nam a2200217 a 450000100100000000500170001000800410002702000180006804100100008604300120009610000140010824500920012226000290021430000610024365000450030465000300034965000400037965000370041965000330045670000460048900008182320200120224629.0161125s2014 sp a|||gr|||| 000 ||spa d a97884160868940 a/+spa ae-sp---1 aSegar E.C10aPopeye :bla isla del botín /cE.C Segar; traducido por Andrés Pérez Fernández. aMadrid :bKraken,c2014. a167 páginas :bilustraciones a color y blanco y negro.17aTiras cómicas, historietas, etc.2LEMB27aLiteratura infantil2LEMB27aLibros ilustrados de lecturat2LEMB27aAventuras en la literatura2LEMB27aHumor en la literatura2LEMB1 aPérez Fernández, Andrés,etraductor